000 00580nam a2200205Ia 4500
005 20250923150030.0
008 008 250917s9999 xx 000 0 eng d
037 _aTextual
040 _aDSWL
_beng
_cDSWL
041 _aeng
_2eng
084 _aYX;5-x7, N98
_qDSWL
100 _aBlakemore, Ken
_9841474
245 0 _aSocial policy : An introduction
_c by Ken Blakemore
260 _aBuckingham
_bOpen University Press
_c1998
300 _a227 p.
365 _aINR
_b1091.27
925 _g1091.27
942 _cTEXL
_hYX;5-x7, N98
999 _c1458760
_d1458760